Structures and abstractions: (Record no. 14435)

MARC details
000 -LEADER
fixed length control field 00570nam a22001697a 4500
003 - CONTROL NUMBER IDENTIFIER
control field URS
005 - DATE AND TIME OF LATEST TRANSACTION
control field 20220114171649.0
008 - FIXED-LENGTH DATA ELEMENTS--GENERAL INFORMATION
fixed length control field 170328b xxu||||| |||| 00| 0 eng d
020 ## - INTERNATIONAL STANDARD BOOK NUMBER
International Standard Book Number 0256159661
050 ## - LIBRARY OF CONGRESS CALL NUMBER
Classification number QA76.73
Item number P2S24 1994
100 ## - MAIN ENTRY--PERSONAL NAME
Personal name Salmon, William I.
Relator code author
245 ## - TITLE STATEMENT
Title Structures and abstractions:
Remainder of title a brief introduction to Turbo Pascal (5.x, 6.x.7.0)
Statement of responsibility, etc. William I. Salmon with the assistance of Edward L. Salmon
260 ## - PUBLICATION, DISTRIBUTION, ETC.
Place of publication, distribution, etc. Burr Ridge, IL.:
Name of publisher, distributor, etc. Irwin,
Date of publication, distribution, etc. 1994
300 ## - PHYSICAL DESCRIPTION
Extent xvii, 564 pages;
Dimensions 26 cm.
700 ## - ADDED ENTRY--PERSONAL NAME
Relator code author
Personal name Salmon, Edward L
942 ## - ADDED ENTRY ELEMENTS (KOHA)
Koha item type Foreign Books
Source of classification or shelving scheme Library of Congress Classification
Holdings
Withdrawn status Source of classification or shelving scheme Damaged status Not for loan Collection code Home library Current library Shelving location Date acquired Total Checkouts Full call number Barcode Date last seen Price effective from Koha item type
  Library of Congress Classification     Non-fiction Binangonan College Library Binangonan College Library Foreign Section 06/07/2023   QA76.73 P2S24 1994 URSBIN-0271 04/28/2016 04/28/2016 Foreign Books

University of Rizal System
Email us at univlibservices@urs.edu.ph

Visit our Website www.urs.edu.ph/library